00438nam a2200157 a 4500020001800000082001300018100001700031245005700048260004800105300000900153500003500162505001700197650002900214650002000243700001700263 a8170868 00a230bTHA aThanzauva, K aTheology of Community, Tribal Theology in the Making aBangalorebAsian Trading Corporation c2004 a327p aincludes index and biblioraphy2 aBibliography aAnthropological-Theology aTheology-Tribes1 aThanzauva, K